| 000 | 00645nam a2200241 a 4500 | ||
|---|---|---|---|
| 003 | AR-BaBNM | ||
| 005 | 20251128204629.0 | ||
| 008 | 082120s2002 ||||||||||||||000 | spa|| | ||
| 020 | _a950-587-061-2 | ||
| 040 | _cAR-BaBNM | ||
| 100 | 1 | _aLenzi, Aída Susana | |
| 245 | 0 | 0 | _aEducación artesanal y técnica en el aula-taller |
| 260 |
_aBuenos Aires _bClub de Estudio _c1994 |
||
| 300 |
_a106 p. _bil. |
||
| 504 | _aBibliografía: p. 105-106 | ||
| 650 | 4 | _aENSEÑANZA DE LA ARTESANIA | |
| 650 | 4 | _aEDUCACION ARTISTICA | |
| 650 | 4 | _aARTESANIAS | |
| 653 | _aAULA-TALLER | ||
| 653 | _aEDUCACION PRIMARIA | ||
| 942 | _cBK | ||
| 998 | _csilvi | ||
| 999 |
_c8152 _d8152 |
||